LEADER 00921nam a2200217 i 4500 001 000000176215 003 CaOOAMICUS 005 20250827145116.0 008 090520s1972 it u000 u mul u 040 $aSeMil$bita 245 10$aVol. 5 /$cwith an english translation by A. M. Harmon. 300 $aIX, 537 p. 490 1 $aThe Loeb Classical Library ;$v302 700 1 $aHarmon, Austin Morris,$d<1878-1950>.$0(OLS)http://semarc/name/3586 773 0 $aLucianus : Samosatensis, $tLucian.$dCambridge, Massachusetts : Harvard University Press ; London : Heinemann, 1968-1979.$w()6913 830 4$aThe Loeb Classical Library ;$v302.$0(OLS)http://semarc/title/26868 850 $aSeMil 852 $aSeMil$W1$xVenegono$y1$m1Y I 44/5$j260958$B127037$CSeMilBibl$Z2$F137622 $81 961 $aOmaggio: Villa don Cesare 996 $6245$aVol. 5$9(OLS)http://semarc/title/108697 LEADER 01085nam a2200277 i 4500 001 000000124712 003 CaOOAMICUS 005 20190514121607.0 008 040405s2002 it u000 u ita u 013 $a97409 020 $a88-15-08298-0 040 $aSeMil$bita 100 1 $aJung, Matthias.$0(OLS)http://semarc/name/50701 240 10$aHermeneutik zur Einführung.$0(OLS)http://semarc/title/183535 245 12$aL'ermeneutica /$cMatthias Jung. 260 $aBologna :$bIl Mulino,$c2002. 300 $a170 p. ;$c21 cm. 490 0 $aUniversale Paperbacks ;$v421 650 4$aErmeneutica filosofica.$0(OLS)http://semarc/subject/5404 830 0$aUniversale paperbacks Il Mulino ;$v421.$0(OLS)http://semarc/title/5937 850 $aSeMil 852 $aSeMil$W1$xVenegono$y1$m2P VII 378$j212701$B79238$CSeMilBibl$Z2$F81686 $81 996 $6020$a88-15-08298-0$9(OLS)http://semarc/number/110500 996 $6245$aL'ermeneutica$9(OLS)http://semarc/title/108295 996 $6260$aBologna :$bIl Mulino$9(OLS)http://semarc/publisher/29842